Economic fluctuations and growth in sub-saharan Africa: the importance of import instability (Record no. 52610)

000 -LEADER
fixed length control field 01650pab a2200169 454500
008 - FIXED-LENGTH DATA ELEMENTS--GENERAL INFORMATION
fixed length control field 180718b2001 xxu||||| |||| 00| 0 eng d
100 ## - MAIN ENTRY--PERSONAL NAME
Personal name Fosu, Augustin Kwasi
245 ## - TITLE STATEMENT
Title Economic fluctuations and growth in sub-saharan Africa: the importance of import instability
260 ## - PUBLICATION, DISTRIBUTION, ETC.
Date of publication, distribution, etc. 2001
300 ## - PHYSICAL DESCRIPTION
Extent p.71-84.
362 ## - DATES OF PUBLICATION AND/OR SEQUENTIAL DESIGNATION
Dates of publication and/or sequential designation Feb
520 ## - SUMMARY, ETC.
Summary, etc. The traditional thesis that export instability (XI) is deleterious to economic growth in developing economies has received mixed empirical results. For African countries, recent reseach suggests that the effect of XI is weak, but that capital (investment) instability (K1) adversely influences economic growth. The current study argues that in many of these nations, imports are likely to be critical to the growth process, while exports represent only one of the various sources of investment resources. Hence, import instability (MI) may pose a more serious problem that X in hindering economic growth. Employing 1968-86 World Bank data for 33 sub-Saharan Afican countries, XI, K1 and MI variables are calculated for each country as the standard errors around the respective `best-fitted' trends over the sample period. These instability measures and additional Wold Bank data are then used to estimate an augmented production function that controls for the effects of labour, capital, and exports. The study finds that although K1 is still a relevant argument of the production function, M1 appears to be even more important, while X1 is extraneous. - Reproduced.
650 ## - SUBJECT ADDED ENTRY--TOPICAL TERM
Topical term or geographic name entry element Economic growth - Africa
650 ## - SUBJECT ADDED ENTRY--TOPICAL TERM
Topical term or geographic name entry element Economic growth
773 ## - HOST ITEM ENTRY
Main entry heading Journal of Development Studies
909 ## -
-- 52610
Holdings
Withdrawn status Lost status Damaged status Not for loan Permanent Location Current Location Date acquired Serial Enumeration / chronology Barcode Date last seen Price effective from Koha item type
        Indian Institute of Public Administration Indian Institute of Public Administration 2018-07-19 Volume no: 37, Issue no: 3 AR53040 2018-07-19 2018-07-19 Articles

Powered by Koha